مكتبة جامعة عجلون الوطنية

فهرس بحث المكتبة

Applied Statistics and Probability for Engineers (Record no. 2355)

MARC details
000 -LEADER
fixed length control field 00603nam a2200205Ii 4500
003 - CONTROL NUMBER IDENTIFIER
control field JO-AjNU
008 - FIXED-LENGTH DATA ELEMENTS--GENERAL INFORMATION
fixed length control field 230606s9999||||xx |||||||||||||| ||und||
020 ## - INTERNATIONAL STANDARD BOOK NUMBER
International Standard Book Number 978-0470-50578-6
040 ## - CATALOGING SOURCE
Original cataloging agency JO-AjNU
Language of cataloging eng
Description conventions rda
Transcribing agency JO-AjNU
041 ## - LANGUAGE CODE
Language code of text/sound track or separate title eng
050 14 - LIBRARY OF CONGRESS CALL NUMBER
Classification number QA276.12.M645.2011
100 3# - MAIN ENTRY--PERSONAL NAME
Personal name Runger,George/Montgomery,Douglas,
Relator term author
9 (RLIN) 4543
245 00 - TITLE STATEMENT
Title Applied Statistics and Probability for Engineers
250 ## - EDITION STATEMENT
Edition statement 5 ed
300 ## - PHYSICAL DESCRIPTION
Extent 766p
336 ## - CONTENT TYPE
Content type term text
Content type code txt
Source rdacontent
337 ## - MEDIA TYPE
Media type term unmediated
Media type code n
Source rdamedia
338 ## - CARRIER TYPE
Carrier type term volume
Carrier type code nc
Source rdacarrier
650 #4 - SUBJECT ADDED ENTRY--TOPICAL TERM
Topical term or geographic name entry element Statistics -probabilities
9 (RLIN) 4544
Holdings
Withdrawn status Lost status Source of classification or shelving scheme Damaged status Not for loan Home library Current library Shelving location Date acquired Total Checkouts Full call number Barcode Date last seen Price effective from Koha item type
    Library of Congress Classification     مكتبة جامعة عجلون الوطنية مكتبة جامعة عجلون الوطنية المجموعات العامة 06/06/2023   QA276.12.M645.2011 E2357 06/06/2023 06/06/2023 Books